=LDR 00000nam 2200000 4500 =001 NUTBA000000000000208 =005 20140318145159.0 =006 =007 =008 =020 ##$$a 978-602-7996-03-8 =035 ##$$0010-031400000000207 =082 ##$$a 420.71 =090 ##$$a 420.71 Emi k =100 ##$$a Mulyati, Emirfan T =245 ##$$a Kursus kilat Bahasa Inggris dalam satu buku =260 ##$$a Jogjakarta $b Trans Idea Publishing $c 2013 =300 ##$$a 170 hlm $c 23 cm =850 ##$$a NBPNMAT =990 ##$$a 90458/BPAP-NTB/2014 =990 ##$$a 93157/BPAP-NTB/2014 =990 ##$$a 93346/BPAP-NTB/2014 =990 ##$$a 21400246/BPAP-NTB/2014 =990 ##$$a 21400613/BPAP-NTB/20142014 =990 ##$$a 21400613/BPAP-NTB/20142014 =990 ##$$a 0001/BPAP-NTB/20142014 =990 ##$$a 0001/BPAP-NTB/20142015